| 000 | 00407nam a2200169Ia 4500 | ||
|---|---|---|---|
| 003 | LK-CoDNM | ||
| 005 | 20241206113534.0 | ||
| 008 | 010623t1963 xxu||||| |||| 00| 1 eng d | ||
| 040 |
_aLK-CoDNM _dLK-CoDNM _eLK-CoDNM |
||
| 041 | _aeng | ||
| 080 |
_a294.32 _bDAV |
||
| 100 | _aDavids,T.W.Rhys. | ||
| 245 | _aTevijja Sutta | ||
| 260 |
_bWheel Publication _c1963 |
||
| 300 | _b54p. ; 18 cm | ||
| 942 | _cBK | ||
| 999 |
_c106269 _d106269 |
||